000 00804nas a2200265 4500
001 BR0801527
003 BR-BrBNA
005 20231205111804.0
007 ta
008 230509b bl.|||p| |||| 00| 00por d
040 _aBR-BrBNA
_bpor
_cBiblioteca Nacional de Agricultura
041 _a(En)
072 _aL40; L10; L53
100 1 _aAzevedo, C.O.
245 1 _aOn the neotropical Rhabdepyris Kieffer (Hymenoptera, Bethylidae)of the subgenus Chlorepyris
650 _aABELHA
650 _aAMÉRICA DO SUL
650 _aAMÉRICA CENTRAL
650 _aINSETO
650 _aHYMENOPTERO
650 _aESPECIE
773 0 _tRevista Brasileira de Zoologia (Brazil)
_xISSN 0101-8175
_g(Sep 1999), v. 16(3) p. 887-897
_wBR0801527
909 _a202311
_bLúcia
_c55
_dLúcia Elande
942 _2AGRIS
_n0
_cANA
999 _c194492
_d194492